Marketingový nástroj Product placement v českém prostředí

Salvato in:
Dettagli Bibliografici
Autore principale: Kramoliš, Jan
Ente Autore: Univerzita Tomáše Bati ve Zlíně. Fakulta managementu a ekonomiky
Altri autori: Kopečková, Martina
Natura: Libro
Lingua:ceco
inglese
Pubblicazione: Žilina GEORG 2015
Soggetti:
Tags: Aggiungi Tag
Nessun Tag, puoi essere il primo ad aggiungerne!!

MARC

LEADER 00000nam a2200000 4500
001 0212805
005 20240314085833.4
020 |a 978-80-8154-108-7 
041 0 |a cze 
041 0 |a eng 
044 |a SK 
245 1 0 |a Marketingový nástroj Product placement v českém prostředí  |c Jan Kramoliš, Martina Kopečková 
264 1 |a Žilina  |b GEORG  |c 2015 
300 |a 145 s. 
610 2 0 |a nástroje marketingové 
610 2 0 |a komunikácia marketingová 
610 2 0 |a produkty 
610 2 0 |a výrobky 
610 2 0 |a životnosť výrobkov 
610 2 0 |a trh 
610 2 0 |a legislatíva 
610 2 0 |a médiá 
610 2 0 |a product placement 
610 2 0 |a Česko 
100 1 |a Kramoliš, Jan 
700 1 |a Kopečková, Martina 
110 2 |a Univerzita Tomáše Bati ve Zlíně. Fakulta managementu a ekonomiky